| 000 | 00814cab a2200253 4500 | ||
|---|---|---|---|
| 001 | WB3227-36 | ||
| 008 | 090401t1996 xxu||||| |||| 00| 0 eng d | ||
| 035 | _a(Sirsi) u50595 | ||
| 041 | _aeng | ||
| 245 | _aFixtures and fittings | ||
| 260 | _c1996 | ||
| 350 | _a0 | ||
| 490 |
_aEstates Gazette _v(9627) 6 July 1996, 124(1) |
||
| 520 | _aLooks at assumptions concerning fixtures and fittings in rented properties, such as rent-free periods, premium rents and fitting out, with reference to case law. | ||
| 650 | _a99 BISHOPSGATE LTD V PRUDENTIAL ASSURANCE CO LTD | ||
| 650 | _aFITTING OUT | ||
| 650 | _aFIXTURES AND FITTINGS | ||
| 650 | _aPREMIUM RENTS | ||
| 650 | _aRENT REVIEWS | ||
| 650 | _aRENT-FREE PERIODS | ||
| 690 | _aLANDLORD AND TENANT-RENT REVIEWS | ||
| 942 | _n0 | ||
| 948 | _c04/03/1997 | ||
| 999 |
_c31574 _d31574 |
||